[Event "Puerto La Cruz FVA A 1800 a 1999"]
[Site "Puerto La Cruz"]
[Date "2014.07.12"]
[Round "6.6"]
[White "Mendez, Xavier"]
[Black "Rincon Gonzalez, Luzalba"]
[Result "1/2-1/2"]
[WhiteElo "1900"]
[BlackElo "1983"]
[PlyCount "77"]
[EventDate "2014.07.10"]
[EventType "swiss"]
[EventRounds "7"]
[EventCountry "VEN"]
[SourceTitle "EXT 2022"]
[Source "ChessBase"]
[SourceDate "2021.10.06"]
[SourceVersion "1"]
[SourceVersionDate "2021.10.06"]
[SourceQuality "1"]

1. e4 e5 2. Nf3 Nc6 3. Bb5 a6 4. Ba4 Nf6 5. Qe2 b5 6. Bb3 Be7 7. c3 d6 8. 0-0 0-0 9. Rd1 Na5 10. Bc2 c5 11. a4 bxa4 12. Bxa4 Bb7 13. d3 h6 14. b3 Qc7 15. Nbd2 Rac8 16. b4 cxb4 17. cxb4 Nc6 18. b5 axb5 19. Bxb5 d5 20. Ba3 Bxa3 21. Rxa3 dxe4 22. Bxc6 exd3 23. Qxe5 Qxc6 24. Rxd3 Qc2 25. Nf1 Bxf3 26. gxf3 Rfe8 27. Qf5 Rc5 28. Qf4 Rg5+ 29. Ng3 Nh5 30. Qd2 Qc7 31. Rd8 Rxd8 32. Qxd8+ Qxd8 33. Rxd8+ Kh7 34. h4 Rc5 35. Nxh5 Rxh5 36. Rd4 Rf5 37. Kg2 Kg6 38. Kg3 h5 39. Rc4 1/2-1/2

[Event "Puerto La Cruz FVA A 1800 a 1999"]
[Site "Puerto La Cruz"]
[Date "2014.07.11"]
[Round "4.6"]
[White "Hoyas Cebrian, Lucas"]
[Black "Mendez, Xavier"]
[Result "1-0"]
[WhiteElo "1978"]
[BlackElo "1900"]
[PlyCount "31"]
[EventDate "2014.07.10"]
[EventType "swiss"]
[EventRounds "7"]
[EventCountry "VEN"]
[SourceTitle "EXT 2022"]
[Source "ChessBase"]
[SourceDate "2021.10.06"]
[SourceVersion "1"]
[SourceVersionDate "2021.10.06"]
[SourceQuality "1"]

1. d4 d5 2. Nf3 Nf6 3. e3 g6 4. Nc3 Bg7 5. h4 h5 6. Bd3 Bg4 7. b3 Nbd7 8. Ba3 0-0 9. Qd2 a5 10. Ne5 Nxe5 11. dxe5 Nd7 12. Nxd5 Nxe5 13. Nxe7+ Kh8 14. e4 Nxd3+ 15. cxd3 Bxa1 16. Qh6# 1-0